000 004460000a22001690004500
003 MACL
005 20160108161300.0
008 160108b xxu||||| |||| 00| 0 eng d
040 _aMACL
_cMACL
041 _aEnglish
082 _a920/ESP
100 _aEspinasse, Francis
_929988
245 _aLife and Writings of Ernest Renan
260 _bThe Walter Scott publishing co Ltd
_aLondon
650 _aBiography
_929989
942 _cBK
_k920/ESP
_2ddc
999 _c37676
_d37676